| 000 | 01146cam a2200301 a 4500 | ||
|---|---|---|---|
| 001 | 17310004 | ||
| 005 | 20141210154720.0 | ||
| 008 | 120519s2012 nyua b 000 0 eng | ||
| 010 | _a 2012018204 | ||
| 020 | _a9781620872222 (pbk. : alk. paper) | ||
| 040 |
_aDLC _cDLC _dDLC |
||
| 050 | 0 | 0 |
_aLC 3969.48 _b.T76 2012 |
| 082 | 0 | 0 | _a371.9 |
| 100 | 1 |
_aTrolley, Barbara _q(Barbara C.) |
|
| 245 | 1 | 4 |
_aThe school counselor's guide to special education / _cBarbara C. Trolley, Heather S. Haas, Danielle Campese Patti. |
| 250 | _a1st Skyhorse publishing ed. 2012. | ||
| 260 |
_aNew York : _bCorwin Press, _c2012. |
||
| 300 |
_av, 193 pages : _billustrations ; _c29 cm. |
||
| 504 | _aIncludes bibliographical references (p. 192-193). | ||
| 521 | _aEducation | ||
| 650 | 0 |
_aCounseling in special education _vHandbooks, manuals, etc. |
|
| 650 | 0 |
_aSpecial education _vHandbooks, manuals, etc. |
|
| 700 | 1 |
_aHaas, Heather _q(Heather S.) |
|
| 700 | 1 | _aPatti, Danielle Campese. | |
| 906 |
_a7 _bcbc _corignew _d1 _eecip _f20 _gy-gencatlg |
||
| 942 |
_2lcc _cBK |
||
| 999 |
_c276915 _d276915 |
||